[Event "SRB-chT 1st League"]
[Site "Kragujevac"]
[Date "2016.09.18"]
[Round "11.4"]
[White "Djordjevic, Vuk D"]
[Black "Cvetkovic, Zoran"]
[Result "1-0"]
[WhiteElo "2416"]
[BlackElo "1728"]
[PlyCount "81"]
[EventDate "2016.09.10"]
[EventType "team-tourn"]
[EventRounds "11"]
[EventCountry "SRB"]
[SourceTitle "CBM 174 Extra"]
[Source "ChessBase"]
[SourceDate "2016.10.10"]
[SourceVersion "1"]
[SourceVersionDate "2016.10.10"]
[SourceQuality "1"]
[WhiteTeam "Paracin"]
[BlackTeam "Nis Svitanja"]
[WhiteTeamCountry "SRB"]
[BlackTeamCountry "SRB"]

1. e4 c5 2. Nc3 Nc6 3. g3 d6 4. Bg2 e5 5. Nge2 Nf6 6. 0-0 Be7 7. d3 h6 8. f4 Bg4 9. h3 Bxe2 10. Nxe2 Nd4 11. c3 Nxe2+ 12. Qxe2 0-0 13. Be3 Qc7 14. Rac1 Rae8 15. d4 b6 16. fxe5 dxe5 17. d5 Qd6 18. a3 a5 19. Rb1 Rb8 20. Qf2 Qc7 21. Rbd1 Qd6 22. Qd2 Nh7 23. h4 Qg6 24. d6 Bd8 25. Qe1 Nf6 26. Rf5 Ng4 27. Qe2 Nxe3 28. Qxe3 Qe6 29. Rd5 f6 30. Kh2 Rb7 31. Bh3 Qf7 32. Rdxe5 Qb3 33. Qf2 Qc4 34. Rf3 Kh8 35. d7 Qf7 36. Qd2 Bc7 37. Rd5 Rd8 38. e5 Qg6 39. e6 Qe4 40. Re3 Qxh4 41. e7 1-0

[Event "SRB-chT 1st League"]
[Site "Kragujevac"]
[Date "2016.09.16"]
[Round "9.5"]
[White "Cvetkovic, Zoran"]
[Black "Chatalbashev, Boris"]
[Result "0-1"]
[WhiteElo "1728"]
[BlackElo "2542"]
[PlyCount "68"]
[EventDate "2016.09.10"]
[EventType "team-tourn"]
[EventRounds "11"]
[EventCountry "SRB"]
[SourceTitle "CBM 174 Extra"]
[Source "ChessBase"]
[SourceDate "2016.10.10"]
[SourceVersion "1"]
[SourceVersionDate "2016.10.10"]
[SourceQuality "1"]
[WhiteTeam "Nis Svitanja"]
[BlackTeam "Despotovac Sloga"]
[WhiteTeamCountry "SRB"]
[BlackTeamCountry "SRB"]

1. e4 c5 2. Nc3 Nc6 3. a3 e6 4. Nf3 Nf6 5. d4 cxd4 6. Nxd4 Qc7 7. Ndb5 Qb8 8. Be3 Be7 9. Be2 0-0 10. f4 d6 11. 0-0 a6 12. Nd4 Qc7 13. Nb3 b5 14. Bf3 Bb7 15. Qe2 Rac8 16. Rad1 Rfe8 17. Rfe1 Nd7 18. Qf2 Bf8 19. Qg3 b4 20. Nb1 a5 21. Qf2 a4 22. N3d2 d5 23. Nf1 d4 24. Bc1 Bc5 25. Rd3 Ba6 26. Rd2 Qxf4 27. Kh1 Nde5 28. Qg3 Qxg3 29. Nxg3 Nxf3 30. gxf3 Ne5 31. Kg2 Nc4 32. Rdd1 bxa3 33. Nxa3 Nxa3 34. bxa3 Bb6 0-1

[Event "SRB-chT 1st League"]
[Site "Kragujevac"]
[Date "2016.09.14"]
[Round "7.6"]
[White "Cvetkovic, Zoran"]
[Black "Lalic, Bogdan"]
[Result "0-1"]
[WhiteElo "1728"]
[BlackElo "2434"]
[PlyCount "62"]
[EventDate "2016.09.10"]
[EventType "team-tourn"]
[EventRounds "11"]
[EventCountry "SRB"]
[SourceTitle "CBM 174 Extra"]
[Source "ChessBase"]
[SourceDate "2016.10.10"]
[SourceVersion "1"]
[SourceVersionDate "2016.10.10"]
[SourceQuality "1"]
[WhiteTeam "Nis Svitanja"]
[BlackTeam "Valjevo"]
[WhiteTeamCountry "SRB"]
[BlackTeamCountry "SRB"]

1. e4 c5 2. f4 d5 3. e5 Nc6 4. c3 Nh6 5. Nf3 e6 6. d3 f6 7. Be3 Ng4 8. Bg1 fxe5 9. h3 Nh6 10. fxe5 Nf5 11. Bf2 h5 12. Nbd2 g5 13. Qe2 Bd7 14. 0-0-0 Qe7 15. Nb3 b6 16. Qd2 0-0-0 17. Qe1 Bg7 18. d4 c4 19. Nbd2 Rdf8 20. Be2 g4 21. hxg4 hxg4 22. Nh4 Qg5 23. Nxf5 Qxf5 24. Be3 Ne7 25. Rxh8 Rxh8 26. Qf2 Qg6 27. Qf4 Nf5 28. Bf2 g3 29. Be1 Ba4 30. Bg4 Nxd4 31. Ne4 Bh6 0-1

[Event "SRB-chT 1st League"]
[Site "Kragujevac"]
[Date "2016.09.12"]
[Round "4.2"]
[White "Cvetkovic, Zoran"]
[Black "Dimitrov, Radoslav"]
[Result "0-1"]
[WhiteElo "1728"]
[BlackElo "2489"]
[PlyCount "94"]
[EventDate "2016.09.10"]
[EventType "team-tourn"]
[EventRounds "11"]
[EventCountry "SRB"]
[SourceTitle "CBM 174 Extra"]
[Source "ChessBase"]
[SourceDate "2016.10.10"]
[SourceVersion "1"]
[SourceVersionDate "2016.10.10"]
[SourceQuality "1"]
[WhiteTeam "Nis Svitanja"]
[BlackTeam "Leskovac Glubocica"]
[WhiteTeamCountry "SRB"]
[BlackTeamCountry "SRB"]

1. e4 Nf6 2. Nc3 d5 3. exd5 Nxd5 4. Nxd5 Qxd5 5. Qf3 Qe6+ 6. Ne2 Nc6 7. c3 Qg6 8. Nf4 Qd6 9. d4 e5 10. dxe5 Qxe5+ 11. Qe2 Bd6 12. Nd3 Qxe2+ 13. Bxe2 Be6 14. Be3 0-0-0 15. 0-0 Rhe8 16. Rfe1 Bc4 17. Nc1 Ne5 18. b3 Bxe2 19. Nxe2 Ng4 20. Nd4 Bxh2+ 21. Kh1 Be5 22. Rad1 c5 23. Nb5 Rxd1 24. Rxd1 Nxe3 25. Re1 a6 26. Rxe3 axb5 27. f4 f6 28. fxe5 Rxe5 29. Rh3 h6 30. Rg3 Rg5 31. Rd3 Kc7 32. Kh2 h5 33. Kh3 Re5 34. Kg3 g5 35. Kf3 h4 36. Rd1 Rf5+ 37. Ke3 Rf4 38. Rd2 Rg4 39. Rf2 Rg3+ 40. Kd2 f5 41. Rxf5 Rxg2+ 42. Kd3 h3 43. b4 c4+ 44. Kd4 h2 45. Rf7+ Kc6 46. Rh7 Rg4+ 47. Ke5 Rh4 0-1

[Event "SRB-chT 1st League"]
[Site "Kragujevac"]
[Date "2016.09.11"]
[Round "3.5"]
[White "Ristic, Nenad"]
[Black "Cvetkovic, Zoran"]
[Result "1-0"]
[WhiteElo "2416"]
[BlackElo "1728"]
[PlyCount "66"]
[EventDate "2016.09.10"]
[EventType "team-tourn"]
[EventRounds "11"]
[EventCountry "SRB"]
[SourceTitle "CBM 174 Extra"]
[Source "ChessBase"]
[SourceDate "2016.10.10"]
[SourceVersion "1"]
[SourceVersionDate "2016.10.10"]
[SourceQuality "1"]
[WhiteTeam "Smederevska Palanka"]
[BlackTeam "Nis Svitanja"]
[WhiteTeamCountry "SRB"]
[BlackTeamCountry "SRB"]

1. e4 c5 2. Nf3 Nc6 3. Bb5 Na5 4. 0-0 a6 5. Be2 d6 6. d4 c4 7. a4 Nf6 8. e5 Nd5 9. Bd2 Nc6 10. Bxc4 Nb6 11. Bb3 e6 12. a5 Nd7 13. Qe2 Qc7 14. exd6 Bxd6 15. d5 Ne7 16. dxe6 Nc5 17. exf7+ Kf8 18. Ba2 Bg4 19. h3 Bh5 20. Na3 Qc6 21. Rfe1 Nf5 22. b4 Bxf3 23. gxf3 Nd4 24. Qe8+ Rxe8 25. Rxe8+ Qxe8 26. fxe8Q+ Kxe8 27. Nc4 Nxf3+ 28. Kg2 Nh4+ 29. Kf1 Ne4 30. Re1 Kd7 31. Rxe4 Nf3 32. Nxd6 Kxd6 33. Bf4+ Kc6 1-0

[Event "SRB-chT 1st League"]
[Site "Kragujevac"]
[Date "2016.09.10"]
[Round "1.4"]
[White "Pikula, Dejan"]
[Black "Cvetkovic, Zoran"]
[Result "1-0"]
[WhiteElo "2433"]
[BlackElo "1728"]
[PlyCount "49"]
[EventDate "2016.09.10"]
[EventType "team-tourn"]
[EventRounds "11"]
[EventCountry "SRB"]
[SourceTitle "CBM 174 Extra"]
[Source "ChessBase"]
[SourceDate "2016.10.10"]
[SourceVersion "1"]
[SourceVersionDate "2016.10.10"]
[SourceQuality "1"]
[WhiteTeam "Arandjelovac"]
[BlackTeam "Nis Svitanja"]
[WhiteTeamCountry "SRB"]
[BlackTeamCountry "SRB"]

1. e4 c5 2. Nf3 Nc6 3. d4 cxd4 4. Nxd4 e5 5. Nb5 d6 6. c4 a6 7. N5c3 Be6 8. Be3 Nf6 9. Nd5 Bxd5 10. cxd5 Na7 11. Qb3 Qd7 12. Nd2 b5 13. a4 Qc8 14. axb5 Nxb5 15. Bxb5+ axb5 16. Qxb5+ Nd7 17. Rxa8 Qxa8 18. 0-0 Be7 19. Nc4 Qb8 20. Qc6 f6 21. Ra1 Qb4 22. Nb6 Kf7 23. Qxd7 Rd8 24. Qe6+ Kf8 25. h3 1-0

[Event "Nis Pantelej op 3rd"]
[Site "Nis"]
[Date "2015.08.05"]
[Round "3"]
[White "Cvetkovic, Zoran"]
[Black "Jankovic, Uros"]
[Result "1/2-1/2"]
[WhiteElo "1772"]
[BlackElo "1792"]
[PlyCount "30"]
[EventDate "2015.08.04"]
[EventType "swiss"]
[EventRounds "9"]
[EventCountry "SRB"]
[SourceTitle "EXT 2016"]
[Source "ChessBase"]
[SourceDate "2015.10.08"]
[SourceVersion "1"]
[SourceVersionDate "2015.10.08"]
[SourceQuality "1"]

1. e4 c5 2. Nc3 Nc6 3. Nf3 d6 4. d4 cxd4 5. Nxd4 g6 6. Nxc6 bxc6 7. b3 Bg7 8. Bb2 Nf6 9. Bd3 0-0 10. 0-0 Qa5 11. Na4 Ng4 12. h3 Bxb2 13. Nxb2 Qe5 14. hxg4 Qxb2 15. Qe2 a5 1/2-1/2

[Event "Nis Pantelej op 2nd"]
[Site "Nis"]
[Date "2014.08.09"]
[Round "9"]
[White "Simic, Anja"]
[Black "Cvetkovic, Zoran"]
[Result "0-1"]
[WhiteElo "1638"]
[BlackElo "1776"]
[PlyCount "128"]
[EventDate "2014.08.03"]
[EventType "swiss"]
[EventRounds "9"]
[EventCountry "SRB"]
[SourceTitle "CBM 162 Extra"]
[Source "ChessBase"]
[SourceDate "2014.10.17"]
[SourceVersion "1"]
[SourceVersionDate "2014.10.17"]
[SourceQuality "1"]

1. d4 d5 2. c4 Nc6 3. Nf3 e6 4. Nc3 Bb4 5. Qc2 Nf6 6. Bg5 h6 7. Bd2 Bd7 8. e3 a6 9. cxd5 Nxd5 10. Nxd5 Bxd2+ 11. Nxd2 exd5 12. Qb3 Rb8 13. Qxd5 Ne7 14. Qb3 0-0 15. Bd3 Nc6 16. 0-0 Qe7 17. Nf3 Bg4 18. Be2 Rfe8 19. h3 Bh5 20. Rfe1 Kh8 21. Ne5 Bxe2 22. Nxf7+ Kh7 23. Rxe2 Rf8 24. Ne5 Nxe5 25. dxe5 Qxe5 26. Qc2+ Kh8 27. Rc1 c6 28. Rd2 Rfd8 29. Rcd1 Qa5 30. Rxd8+ Rxd8 31. Rxd8+ Qxd8 32. e4 Qd4 33. Qe2 c5 34. e5 Kg8 35. e6 Kf8 36. Qf3+ Qf6 37. Qxb7 Qxe6 38. Qb8+ Kf7 39. Qc7+ Qe7 40. Qxe7+ Kxe7 41. Kf1 c4 42. Ke2 Kd6 43. Ke3 Kd5 44. Kf4 Kd4 45. Kf5 Kd3 46. f4 Kc2 47. Kg6 Kxb2 48. f5 c3 49. Kxg7 c2 50. f6 c1Q 51. f7 Qg5+ 52. Kh8 Qf6+ 53. Kg8 Qg6+ 54. Kf8 Qxg2 55. Ke8 Qe4+ 56. Kd7 Qf5+ 57. Ke7 Qe5+ 58. Kd7 Qf6 59. Ke8 Qe6+ 60. Kf8 Qxh3 61. a4 Qc8+ 62. Kg7 h5 63. f8Q Qxf8+ 64. Kxf8 h4 0-1

[Event "Nis Pantelej op 2nd"]
[Site "Nis"]
[Date "2014.08.08"]
[Round "8"]
[White "Cvetkovic, Zoran"]
[Black "Miljkovic, Jovana"]
[Result "0-1"]
[WhiteElo "1776"]
[BlackElo "1939"]
[PlyCount "70"]
[EventDate "2014.08.03"]
[EventType "swiss"]
[EventRounds "9"]
[EventCountry "SRB"]
[SourceTitle "CBM 162 Extra"]
[Source "ChessBase"]
[SourceDate "2014.10.17"]
[SourceVersion "1"]
[SourceVersionDate "2014.10.17"]
[SourceQuality "1"]

1. e4 c5 2. Nc3 Nc6 3. Nf3 g6 4. b3 Bg7 5. Bb2 d6 6. h3 a6 7. Na4 Bxb2 8. Nxb2 e5 9. c3 Nf6 10. d3 0-0 11. Qd2 Kg7 12. Nh2 d5 13. exd5 Nxd5 14. Ng4 f5 15. Ne3 b5 16. Be2 Nce7 17. Bf3 Ra7 18. Nxd5 Nxd5 19. 0-0 Nf4 20. Rfe1 Re8 21. Rad1 Bb7 22. Bxb7 Rxb7 23. Kh2 Rd7 24. g3 Nxd3 25. Nxd3 c4 26. Re3 e4 27. bxc4 bxc4 28. f3 Rxd3 29. Rxd3 exd3 30. Qf4 Re2+ 31. Kh1 d2 32. g4 Re1+ 33. Kg2 Rxd1 34. Qe5+ Kh6 35. f4 Rg1+ 0-1

[Event "Nis Pantelej op 2nd"]
[Site "Nis"]
[Date "2014.08.04"]
[Round "3"]
[White "Cvetkovic, Zoran"]
[Black "Bogdanovic, Dragan"]
[Result "0-1"]
[WhiteElo "1776"]
[BlackElo "1981"]
[PlyCount "46"]
[EventDate "2014.08.03"]
[EventType "swiss"]
[EventRounds "9"]
[EventCountry "SRB"]
[SourceTitle "CBM 162 Extra"]
[Source "ChessBase"]
[SourceDate "2014.10.17"]
[SourceVersion "1"]
[SourceVersionDate "2014.10.17"]
[SourceQuality "1"]

1. e4 d6 2. d4 Nf6 3. Bd3 g6 4. Ne2 Bg7 5. c3 0-0 6. h3 Nbd7 7. Be3 e5 8. 0-0 d5 9. Nd2 Re8 10. Bg5 exd4 11. Nxd4 Nc5 12. Qc2 Nxd3 13. Qxd3 dxe4 14. Nxe4 Bf5 15. Rfe1 Rxe4 16. Rxe4 Qd5 17. f3 Bxe4 18. Qe3 Bf5 19. Qe7 Re8 20. Qxc7 Nd7 21. Rd1 Be5 22. Re1 Bxc7 23. Rxe8+ Kg7 0-1

[Event "Nis Art Faculty op"]
[Site "Nis"]
[Date "2013.08.04"]
[Round "3"]
[White "Bogdanovic, Dragan"]
[Black "Cvetkovic, Zoran"]
[Result "1-0"]
[WhiteElo "2001"]
[BlackElo "1808"]
[PlyCount "115"]
[EventDate "2013.08.03"]
[EventType "swiss"]
[EventRounds "7"]
[EventCountry "SRB"]
[SourceTitle "EXT 2015"]
[Source "ChessBase"]
[SourceDate "2014.11.20"]
[SourceVersion "1"]
[SourceVersionDate "2014.11.20"]
[SourceQuality "1"]

1. d4 d5 2. c4 Nf6 3. Nc3 dxc4 4. e4 e6 5. Bg5 Be7 6. Bxc4 0-0 7. Nf3 h6 8. Bxf6 Bxf6 9. 0-0 a6 10. e5 Be7 11. a3 c5 12. Ne4 b5 13. Ba2 c4 14. Qc2 g6 15. Rad1 Bb7 16. Bb1 Nd7 17. Qe2 Nb6 18. Nc3 Nd5 19. Nxd5 Qxd5 20. Ne1 Rac8 21. f3 Qd8 22. Nc2 Qb6 23. Kh1 Rfd8 24. Qf2 Kg7 25. Ne3 c3 26. b4 Bd5 27. Bc2 a5 28. f4 Bc4 29. Nxc4 Rxc4 30. d5 Qb7 31. d6 Bf8 32. Qg3 axb4 33. axb4 Rxb4 34. Qxc3 Rc4 35. Qd2 Qc6 36. Bd3 Rc5 37. Qe2 Rb8 38. Be4 Qb6 39. Rc1 b4 40. Qe3 Rb5 41. Qxb6 R5xb6 42. g4 b3 43. Rf2 Rb4 44. Bb1 b2 45. Rcc2 f6 46. Rc7+ Kg8 47. h3 Rd4 48. Rf1 f5 49. gxf5 gxf5 50. Rc2 Kh8 51. Rg2 Rb7 52. Rg6 Rc4 53. Rxe6 Rg7 54. Rxh6+ Rh7 55. Rxh7+ Kxh7 56. Bxf5+ Kh6 57. Rb1 Rc1+ 58. Kg2 1-0

[Event "Nis Art Faculty op"]
[Site "Nis"]
[Date "2013.08.04"]
[Round "2"]
[White "Stojkovic, Zoran"]
[Black "Cvetkovic, Zoran"]
[Result "1-0"]
[WhiteElo "1999"]
[BlackElo "1808"]
[PlyCount "63"]
[EventDate "2013.08.03"]
[EventType "swiss"]
[EventRounds "7"]
[EventCountry "SRB"]
[SourceTitle "EXT 2015"]
[Source "ChessBase"]
[SourceDate "2014.11.20"]
[SourceVersion "1"]
[SourceVersionDate "2014.11.20"]
[SourceQuality "1"]

1. e4 c5 2. Nf3 Nc6 3. d4 cxd4 4. Nxd4 Nxd4 5. Qxd4 d6 6. f4 Qc7 7. Nc3 Bd7 8. Nd5 Qc8 9. a4 e6 10. Ne3 Qc5 11. Qd3 Nf6 12. Bd2 Bc6 13. b4 Qb6 14. e5 dxe5 15. fxe5 Rd8 16. a5 Qc7 17. exf6 Rxd3 18. Bxd3 gxf6 19. b5 Bd7 20. 0-0 f5 21. b6 Qc5 22. a6 bxa6 23. bxa7 Qxa7 24. Rxa6 Qd4 25. Ra8+ Ke7 26. Rf4 Qe5 27. Ra5 Qc7 28. Bb4+ Kf6 29. Rfxf5+ exf5 30. Nd5+ Kg7 31. Bxf8+ Rxf8 32. Nxc7 1-0

[Event "Nis op"]
[Site "Nis"]
[Date "2013.03.23"]
[Round "4"]
[White "Cvetkovic, Zoran"]
[Black "Krstic, Mihailo"]
[Result "1/2-1/2"]
[WhiteElo "1841"]
[BlackElo "1925"]
[PlyCount "65"]
[EventDate "2013.03.21"]
[EventType "swiss"]
[EventRounds "9"]
[EventCountry "SRB"]
[SourceTitle "CBM 153 Extra"]
[Source "ChessBase"]
[SourceDate "2013.04.22"]
[SourceVersion "1"]
[SourceVersionDate "2013.04.22"]
[SourceQuality "1"]

1. e4 c5 2. Bc4 e6 3. a3 Nc6 4. d3 Nf6 5. h3 Be7 6. Nf3 Qc7 7. Nc3 a6 8. Ne2 d5 9. exd5 Nxd5 10. Ba2 b6 11. c4 Nf6 12. Bf4 Bd6 13. Qd2 Bb7 14. Bxd6 Qxd6 15. 0-0 0-0 16. Rad1 e5 17. Ng3 Nd4 18. Qg5 h6 19. Nxd4 exd4 20. Nf5 hxg5 21. Nxd6 Bc6 22. Nf5 Bd7 23. Ng3 Rfe8 24. Rfe1 Re6 25. Rxe6 Bxe6 26. Re1 Re8 27. Re5 g4 28. h4 Bd7 29. Rxe8+ Nxe8 30. Ne4 Bf5 31. Bb1 Bxe4 32. dxe4 Nd6 33. Bd3 1/2-1/2